| 000 | 00529nam a22002057a 4500 | ||
|---|---|---|---|
| 003 | 0 | ||
| 005 | 20220114142601.0 | ||
| 008 | 0 | ||
| 020 | _a9781259251986 | ||
| 040 | _c0 | ||
| 050 |
_aTK7816 _b.G8735 2011 |
||
| 100 | _aSchultz, Mitchel E. | ||
| 245 |
_aGrob,s basic electrocity _cMitchel E. Schultz. |
||
| 250 | _a12th edition | ||
| 264 |
_aNew York: _bMcGraw Hill Companies; _c2011 |
||
| 300 |
_axxvi, 1,232 pages: _bwith illustrations; _c28 cm. |
||
| 504 | _aIncludes index | ||
| 650 | _aBasic Electronics | ||
| 942 |
_2lcc _cR |
||
| 999 |
_c3650 _d3650 |
||